The essential writings / (Record no. 18165)

MARC details
000 -LEADER
fixed length control field 01050nam a2200277 a 4500
005 - DATE AND TIME OF LATEST TRANSACTION
control field 20060722155810.0
008 - FIXED-LENGTH DATA ELEMENTS--GENERAL INFORMATION
fixed length control field 030918s2003 ii ab b 001 0 eng
010 ## - LCCN (DPL NO)
LC control number ENG-91549
020 ## - INTERNATIONAL STANDARD BOOK NUMBER
International Standard Book Number 0195698452
Terms of availability 395.00
020 ## - INTERNATIONAL STANDARD BOOK NUMBER
International Standard Book Number 9780195698459
Terms of availability 395.00
035 ## - SYSTEM CONTROL NUMBER
System control number EN-75082
037 ## - SOURCE OF ACQUISITION
Source of stock number/acquisition DBAD / PUB
040 ## - CATALOGING SOURCE
Original cataloging agency dpl
Language of cataloging English
082 ## - DEWEY DECIMAL CLASSIFICATION NUMBER
Classification number 301.153
245 ## - TITLE STATEMENT
Title The essential writings /
Statement of responsibility, etc By Mahatma Gandhi; edited with an introduction and notes by Judith M. Brown
Remainder of title
250 ## - EDITION STATEMENT
Edition statement New ed.
260 ## - PUBLICATION, DISTRIBUTION, ETC. (IMPRINT)
Place of publication, distribution, etc New Delhi :
Name of publisher, distributor, etc Oxford University Press,
Date of publication, distribution, etc 2008
300 ## - PHYSICAL DESCRIPTION
Extent xliii, 408 p.
Dimensions 20 cm (pbk)
490 ## - SERIES STATEMENT
Series statement Oxford world's classics
500 ## - GENERAL NOTE
General note Includes glossary and index.
520 ## - SUMMARY, ETC.
Summary, etc Contributed essays.
600 ## - SUBJECT ADDED ENTRY--PERSONAL NAME
Personal name Gandhi, Mahatma, 1869-1948
General subdivision Political and social views
700 ## - ADDED ENTRY--PERSONAL NAME
Personal name Brown , Judith M.
942 ## - ADDED ENTRY ELEMENTS (KOHA)
Source of classification or shelving scheme Dewey Decimal Classification
Item type English Books
Call number suffix GAN
Classification part 301.153
Holdings
Withdrawn status Lost status Source of classification or shelving scheme Damaged status Not for loan Home library Current library Date acquired Source of acquisition Cost, normal purchase price Total Checkouts Full call number Barcode Date last seen Copy number Cost, replacement price Koha item type
    Dewey Decimal Classification   Not For Loan D.B.Act.Division D.B.Act.Division 07/11/2008 DBAD / PUB 395.00   301.153 GAN EN-75082 07/11/2008 1 395.00 English Books

© Delhi Public Library
Hit Counter
free hit counter